000 00519nam a2200181Ia 4500
008 090123s9999 xx 000 0 und d
082 _b30639
100 _aगुंदेकर श्रीराम
245 _aलगाम
250 _a1
260 _bदिलिपराज प्रकाशन
300 _a204
600 _aगुंदेकर श्रीराम
630 _aलगाम
700 _aगुंदेकर श्रीराम
730 _aलगाम
942 _cBOOK
999 _c66891
_d66891